[Event "Bruges Masters op"]
[Site "Bruges"]
[Date "2023.08.14"]
[Round "4"]
[White "Honkoop, Gilian"]
[Black "Payne, Matthew"]
[Result "1/2-1/2"]
[WhiteElo "2183"]
[BlackElo "2104"]
[PlyCount "76"]
[EventDate "2023.08.12"]
[EventType "swiss"]
[EventRounds "9"]
[EventCountry "BEL"]
[SourceTitle "CBM 215 Extra"]
[Source "ChessBase"]
[SourceDate "2023.09.30"]
[SourceVersion "1"]
[SourceVersionDate "2023.09.30"]
[SourceQuality "1"]

1. d4 Nf6 2. c4 g6 3. Nc3 Bg7 4. e4 d6 5. h3 0-0 6. Be3 e5 7. d5 Na6 8. g4 Nc5 9. f3 a5 10. h4 h5 11. g5 Nfd7 12. Nh3 c6 13. dxc6 bxc6 14. Qxd6 Qb6 15. Qd2 a4 16. Nf2 Rd8 17. Rd1 Bf8 18. Be2 Be7 19. 0-0 Nf8 20. Qc1 Nfe6 21. Rxd8+ Qxd8 22. Rd1 Nd4 23. f4 f6 24. Bxd4 exd4 25. e5 fxe5 26. fxe5 Bf5 27. Bf3 Qc7 28. Rxd4 Qxe5 29. Qf4 Qe1+ 30. Kg2 Ne6 31. Qd2 Qe5 32. Bxc6 Nxd4 33. Bxa8 Bd6 34. Nce4 Qh2+ 35. Kf1 Bh3+ 36. Nxh3 Qxh3+ 37. Qg2 Qd3+ 38. Kg1 Qd1+ 1/2-1/2

[Event "Vlissingen op 25th"]
[Site "Vlissingen"]
[Date "2023.08.09"]
[Round "6"]
[White "Honkoop, Gilian"]
[Black "Krasenkow, Michal"]
[Result "0-1"]
[WhiteElo "2183"]
[BlackElo "2534"]
[PlyCount "86"]
[EventDate "2023.08.05"]
[EventType "swiss"]
[EventRounds "9"]
[EventCountry "NED"]
[SourceTitle "CBM 215 Extra"]
[Source "ChessBase"]
[SourceDate "2023.09.30"]
[SourceVersion "1"]
[SourceVersionDate "2023.09.30"]
[SourceQuality "1"]

1. d4 d6 2. Nf3 Bg4 3. e4 Nf6 4. h3 Bh5 5. Qe2 Bxf3 6. Qxf3 c6 7. Be3 e6 8. Nd2 Be7 9. Bd3 0-0 10. g4 d5 11. 0-0-0 Nbd7 12. Kb1 dxe4 13. Nxe4 Nxe4 14. Qxe4 Nf6 15. Qf3 Qa5 16. h4 Qd5 17. Qe2 b5 18. g5 Ne8 19. Qg4 Nd6 20. h5 f5 21. gxf6 Bxf6 22. Rhg1 Nf5 23. Be4 Qd7 24. Qf3 Ne7 25. Qe2 Rad8 26. Bg5 Nf5 27. Bxf6 Rxf6 28. Qd3 Kh8 29. Qc3 Rc8 30. Qd3 Qe8 31. Qh3 Qf7 32. Rge1 Ne7 33. Bd3 Nd5 34. Re5 Nf4 35. Qe3 Nxh5 36. Re1 Nf4 37. Bf1 Rf8 38. a3 Nd5 39. Qh3 Rh6 40. Qg4 Qxf2 41. Rxe6 Rh1 42. R6e2 Qf4 43. Qg2 Rxf1 0-1

[Event "Amsterdam Science Park op-A"]
[Site "Amsterdam"]
[Date "2023.07.16"]
[Round "2"]
[White "Boeren, Jurriaan"]
[Black "Honkoop, Gilian"]
[Result "1/2-1/2"]
[WhiteElo "1987"]
[BlackElo "2193"]
[PlyCount "80"]
[EventDate "2023.07.15"]
[EventType "swiss"]
[EventRounds "9"]
[EventCountry "NED"]
[SourceTitle "CBM 215 Extra"]
[Source "ChessBase"]
[SourceDate "2023.09.30"]
[SourceVersion "1"]
[SourceVersionDate "2023.09.30"]
[SourceQuality "1"]

1. e4 c5 2. Nf3 Nc6 3. d4 cxd4 4. Nxd4 e6 5. Nc3 Nf6 6. Ndb5 d6 7. Bf4 e5 8. Bg5 a6 9. Na3 b5 10. Nab1 Be7 11. Bxf6 Bxf6 12. a4 b4 13. Nd5 0-0 14. Bc4 Bg5 15. 0-0 Rb8 16. Qd3 a5 17. c3 bxc3 18. bxc3 Kh8 19. Bb5 Ne7 20. Nxe7 Qxe7 21. Na3 Be6 22. Nc4 Bxc4 23. Bxc4 Rfc8 24. Rab1 Qc7 25. Rxb8 Rxb8 26. Rb1 Rxb1+ 27. Qxb1 g6 28. Qd3 Kg7 29. g3 Bc1 30. Kg2 Ba3 31. Qd5 Bb2 32. Qd3 Ba3 33. Qd5 Bc5 34. h4 h5 35. Bb3 Qa7 36. Qd2 Qb7 37. Qd5 Qe7 38. Bc4 Qc7 39. Bb3 Bb6 40. Bc4 Bc5 1/2-1/2

[Event "Vlissingen HZ op 24th"]
[Site "Vlissingen"]
[Date "2022.08.12"]
[Round "8"]
[White "Van Delft, Merijn"]
[Black "Honkoop, Gilian"]
[Result "1/2-1/2"]
[WhiteElo "2380"]
[BlackElo "2184"]
[PlyCount "143"]
[EventDate "2022.08.06"]
[EventType "swiss"]
[EventRounds "9"]
[EventCountry "NED"]
[SourceTitle "CBM 209 Extra"]
[Source "ChessBase"]
[SourceDate "2022.09.30"]
[SourceVersion "1"]
[SourceVersionDate "2022.09.30"]
[SourceQuality "1"]

1. e4 e5 2. Nf3 Nc6 3. Bb5 a6 4. Ba4 Nf6 5. 0-0 Be7 6. Re1 b5 7. Bb3 d6 8. c3 0-0 9. h3 Nb8 10. d4 Nbd7 11. Nbd2 c5 12. Nf1 Re8 13. Ng3 Bf8 14. a4 Bb7 15. d5 c4 16. Bc2 g6 17. Bg5 Nc5 18. Qd2 Bg7 19. Ra3 Qc7 20. Rea1 Reb8 21. Nh2 Bc8 22. axb5 Rxb5 23. R3a2 Rab8 24. Qc1 h5 25. Nf3 Nh7 26. Be3 Qe7 27. Nd2 h4 28. Ngf1 Nb3 29. Bxb3 cxb3 30. Ra4 f5 31. f3 Bf6 32. Nh2 Bg5 33. Ndf1 Bxe3+ 34. Qxe3 f4 35. Qf2 Nf8 36. Nd2 Nd7 37. Nc4 Nc5 38. R4a3 g5 39. Kh1 Qc7 40. Na5 Bd7 41. Qe2 Kg7 42. Nf1 Kf8 43. Kh2 Kg7 44. Nd2 Kf8 45. Ndc4 Kg7 46. Rd1 Kf8 47. Nc6 Bxc6 48. dxc6 Rd8 49. Rd5 Ke7 50. Ra1 Qxc6 51. Rad1 Nb7 52. Qd3 Qc7 53. Rxb5 axb5 54. Na3 Nc5 55. Qxb5 Qb7 56. Qe2 Qa6 57. c4 Qa4 58. Rd5 Qb4 59. Qd1 Ne6 60. Rb5 Qa4 61. Qxb3 Qxb3 62. Rxb3 Nc5 63. Rb6 Rd7 64. Kg1 Ra7 65. Nb5 Ra1+ 66. Kf2 Nd3+ 67. Ke2 Nxb2 68. Nxd6 Ra2 69. Kf1 Ra1+ 70. Kf2 Ra2 71. Kf1 Ra1+ 72. Kf2 1/2-1/2

[Event "Hilversum op"]
[Site "Hilversum"]
[Date "2022.06.19"]
[Round "5"]
[White "Elgersma, Onno"]
[Black "Honkoop, Gilian"]
[Result "1-0"]
[WhiteElo "2312"]
[BlackElo "2208"]
[PlyCount "63"]
[EventDate "2022.06.17"]
[EventType "swiss"]
[EventRounds "6"]
[EventCountry "NED"]
[SourceTitle "CBM 208 Extra"]
[Source "ChessBase"]
[SourceDate "2022.07.31"]
[SourceVersion "1"]
[SourceVersionDate "2022.07.31"]
[SourceQuality "1"]

1. c4 e5 2. e3 Nf6 3. d4 exd4 4. exd4 d5 5. Nc3 Be7 6. Nf3 0-0 7. h3 Be6 8. cxd5 Nxd5 9. Bd3 Nc6 10. 0-0 h6 11. Bb1 Nf6 12. Re1 Re8 13. a3 Na5 14. Bc2 Nc4 15. Qd3 Nd6 16. Qd1 Bf5 17. Bb3 Bf8 18. Ne5 c6 19. Bf4 Be6 20. Bc2 Bf5 21. Ba4 Rc8 22. Rc1 Nfe4 23. Bb3 Ng5 24. h4 Ne6 25. Bg3 Bh7 26. Qh5 Rc7 27. Nxf7 Nxf7 28. Bxc7 Qxc7 29. Bxe6 Re7 30. Nd5 cxd5 31. Rxc7 Rxc7 32. Qxd5 1-0

[Event "NED-ch U18"]
[Site "Almelo"]
[Date "2021.08.04"]
[Round "4"]
[White "Broersma, Sven"]
[Black "Honkoop, Gilian"]
[Result "0-1"]
[WhiteElo "1710"]
[BlackElo "2157"]
[PlyCount "84"]
[EventDate "2021.08.01"]
[EventType "swiss"]
[EventRounds "7"]
[EventCountry "NED"]
[SourceTitle "CBM 203 Extra"]
[Source "ChessBase"]
[SourceDate "2021.09.30"]
[SourceVersion "1"]
[SourceVersionDate "2021.09.30"]
[SourceQuality "1"]

1. d4 Nf6 2. c4 e6 3. Nc3 Bb4 4. a3 Bxc3+ 5. bxc3 c5 6. e3 Nc6 7. Bd3 b6 8. Ne2 Ba6 9. e4 Na5 10. e5 Ng8 11. Ng3 f5 12. Qe2 cxd4 13. cxd4 Nb3 14. Bxf5 g6 15. Be4 Nxa1 16. Bxa8 Qxa8 17. Ne4 Kf8 18. 0-0 Nb3 19. Qf3+ Kg7 20. Bg5 Nxd4 21. Qd3 Bxc4 22. Qxd4 Qd5 23. Rd1 h6 24. Be3 Ne7 25. Nc3 Qxd4 26. Bxd4 Rc8 27. Ne4 Bb3 28. Re1 Rc4 29. Be3 Rxe4 30. Bxh6+ Kxh6 31. Rxe4 a5 32. f4 b5 33. Kf2 Bd5 34. Re2 b4 35. axb4 axb4 36. g4 b3 37. Ke3 Nc6 38. Rf2 Nb4 39. Kd4 Nc2+ 40. Kc3 Ne3 41. g5+ Kh5 42. Kb4 Kg4 0-1

[Event "NED-ch U18"]
[Site "Almelo"]
[Date "2021.08.01"]
[Round "1"]
[White "Honkoop, Gilian"]
[Black "Hubers, Daan"]
[Result "1-0"]
[WhiteElo "2157"]
[BlackElo "1695"]
[PlyCount "51"]
[EventDate "2021.08.01"]
[EventType "swiss"]
[EventRounds "7"]
[EventCountry "NED"]
[SourceTitle "CBM 203 Extra"]
[Source "ChessBase"]
[SourceDate "2021.09.30"]
[SourceVersion "1"]
[SourceVersionDate "2021.09.30"]
[SourceQuality "1"]

1. d4 Nf6 2. Bf4 a6 3. Nd2 b5 4. e4 Bb7 5. Bd3 e6 6. Ngf3 c5 7. c3 Nc6 8. 0-0 Qb6 9. dxc5 Bxc5 10. b4 Be7 11. a4 Na7 12. Qe2 Bc6 13. Nd4 0-0 14. Rfc1 bxa4 15. Nxc6 Qxc6 16. Bxa6 a3 17. Rxa3 d5 18. Rb3 dxe4 19. b5 Qc5 20. Bb7 Rad8 21. Be3 Qd6 22. Nxe4 Nxe4 23. Bxe4 Rd7 24. c4 Rc8 25. Rd3 Qc7 26. b6 1-0

[Event "Haarlem Nova College op 16th"]
[Site "Haarlem"]
[Date "2019.06.28"]
[Round "1"]
[White "Honkoop, Gilian"]
[Black "Arnaudov, Petar G"]
[Result "0-1"]
[WhiteElo "2003"]
[BlackElo "2478"]
[PlyCount "94"]
[EventDate "2019.06.28"]
[EventType "swiss"]
[EventRounds "6"]
[EventCountry "NED"]
[SourceTitle "CBM 191 Extra"]
[Source "ChessBase"]
[SourceDate "2019.09.30"]
[SourceVersion "1"]
[SourceVersionDate "2019.09.30"]
[SourceQuality "1"]

1. d4 Nf6 2. Bf4 d5 3. e3 c5 4. c3 Nc6 5. Nd2 e6 6. Ngf3 cxd4 7. exd4 Nh5 8. Be3 Bd6 9. Ne5 g6 10. Nd3 f6 11. g3 Ng7 12. Bg2 0-0 13. 0-0 Kh8 14. Rc1 Nf5 15. Re1 Nxe3 16. fxe3 e5 17. dxe5 Nxe5 18. Nf4 g5 19. Nxd5 Nd3 20. Nc4 Nxe1 21. Qxe1 Bg4 22. h3 Be6 23. Rd1 Rf7 24. Nxd6 Qxd6 25. Nf4 Qxd1 26. Qxd1 gxf4 27. Qd6 Re8 28. Qxf4 Kg7 29. Be4 Rfe7 30. g4 Bf7 31. Bf3 Rxe3 32. g5 R3e6 33. Qd4 b6 34. h4 Re5 35. Qf4 fxg5 36. hxg5 Ra5 37. b4 Rxa2 38. Qd4+ Kg8 39. Kf1 Rf8 40. Ke1 Ra1+ 41. Kd2 Rf1 42. Be4 Bb3 43. Ke2 Rd1 44. Qe3 Rdd8 45. Bxh7+ Kxh7 46. Qe4+ Kg7 47. Qe5+ Kg8 0-1

[Event "NED-ch U16"]
[Site "Assen"]
[Date "2018.05.05"]
[Round "7"]
[White "Hilwerda, Jonas"]
[Black "Honkoop, Gilian"]
[Result "1/2-1/2"]
[WhiteElo "2108"]
[BlackElo "1889"]
[PlyCount "128"]
[EventDate "2018.04.29"]
[EventType "swiss"]
[EventRounds "7"]
[EventCountry "NED"]
[SourceTitle "CBM 184 Extra"]
[Source "ChessBase"]
[SourceDate "2018.06.28"]
[SourceVersion "1"]
[SourceVersionDate "2018.06.28"]
[SourceQuality "1"]

1. d4 Nf6 2. Bf4 d5 3. e3 c5 4. Nc3 a6 5. dxc5 Nc6 6. a3 e5 7. Bg5 Be6 8. b4 b6 9. Nf3 bxc5 10. b5 Qa5 11. Qd2 d4 12. exd4 cxd4 13. bxc6 dxc3 14. Qe2 Bd6 15. Rd1 Bc7 16. Bxf6 gxf6 17. Qe4 Qxa3 18. Qh4 Qe7 19. Qa4 Qc5 20. Bd3 Bd5 21. Bf5 Qxc6 22. Bd7+ Qxd7 23. Qxd7+ Kxd7 24. Rxd5+ Ke6 25. Rc5 Bd6 26. Rc4 Rhc8 27. Ra4 Rcb8 28. Ke2 Rb4 29. Rha1 Rxa4 30. Rxa4 a5 31. Ne1 f5 32. Nd3 e4 33. Nc1 Bb4 34. Nb3 Rd8 35. Ke3 Rd5 36. Ra1 Ke5 37. g3 Ke6 38. Nd4+ Kd6 39. Nb3 Kc6 40. Nd4+ Kb6 41. Nb3 Ka6 42. Ke2 Kb5 43. Ke3 a4 44. Nd4+ Kb6 45. Rxa4 Bc5 46. g4 Bxd4+ 47. Rxd4 Kc5 48. Rxd5+ Kxd5 49. gxf5 f6 50. f3 exf3 51. Kxf3 Ke5 52. Ke3 Kxf5 53. Kd3 Kf4 54. Kxc3 Ke3 55. Kb4 f5 56. c4 f4 57. c5 f3 58. c6 f2 59. c7 f1Q 60. c8Q Qf4+ 61. Kb3 Qxh2 62. Qc3+ Ke4 63. Qc4+ Kf5 64. Qf7+ Kg4 1/2-1/2

[Event "NED-ch U16"]
[Site "Assen"]
[Date "2018.05.01"]
[Round "3"]
[White "Achuthan, Dylan"]
[Black "Honkoop, Gilian"]
[Result "1-0"]
[WhiteElo "1673"]
[BlackElo "1889"]
[PlyCount "45"]
[EventDate "2018.04.29"]
[EventType "swiss"]
[EventRounds "7"]
[EventCountry "NED"]
[SourceTitle "CBM 184 Extra"]
[Source "ChessBase"]
[SourceDate "2018.06.28"]
[SourceVersion "1"]
[SourceVersionDate "2018.06.28"]
[SourceQuality "1"]

1. e4 e5 2. Nf3 Nc6 3. Bc4 Bc5 4. Nc3 d6 5. h3 Nf6 6. d3 Be6 7. Bb3 0-0 8. Bg5 h6 9. Bh4 g5 10. Bg3 a6 11. Qd2 Bb4 12. 0-0-0 Nd4 13. Rde1 c5 14. h4 Nxf3 15. gxf3 Nh7 16. Reg1 Bxb3 17. cxb3 Bxc3 18. bxc3 Kh8 19. hxg5 hxg5 20. f4 gxf4 21. Bxf4 f6 22. Rxh7+ Kxh7 23. f3 1-0

[Event "NED-ch U16"]
[Site "Assen"]
[Date "2018.04.29"]
[Round "1"]
[White "Tang, Charlie1111"]
[Black "Honkoop, Gilian"]
[Result "1-0"]
[WhiteElo "2127"]
[BlackElo "1889"]
[PlyCount "67"]
[EventDate "2018.04.29"]
[EventType "swiss"]
[EventRounds "7"]
[EventCountry "NED"]
[SourceTitle "CBM 184 Extra"]
[Source "ChessBase"]
[SourceDate "2018.06.28"]
[SourceVersion "1"]
[SourceVersionDate "2018.06.28"]
[SourceQuality "1"]

1. e4 e5 2. Nf3 Nc6 3. Bb5 a6 4. Ba4 Nf6 5. 0-0 Be7 6. Re1 b5 7. Bb3 d6 8. c3 0-0 9. h3 Nb8 10. d4 Nbd7 11. Nbd2 Bb7 12. a4 c5 13. d5 c4 14. Bc2 Re8 15. Nf1 Bf8 16. Ng3 g6 17. Be3 Nc5 18. Qd2 Nfd7 19. Nh2 h5 20. Rf1 Nb6 21. Kh1 Nbxa4 22. Bxa4 Nxa4 23. f4 exf4 24. Bxf4 Nc5 25. Rae1 Nd3 26. Bg5 Be7 27. Bxe7 Qxe7 28. Re3 f6 29. Nxh5 gxh5 30. Rg3+ Kh7 31. Rf5 Qe5 32. Rxe5 Rxe5 33. Nf3 Rxe4 34. Ng5+ 1-0

[Event "NED-ch U14"]
[Site "Rotterdam"]
[Date "2016.05.07"]
[Round "9"]
[White "Honkoop, Gilian"]
[Black "Mestrom, Wolf"]
[Result "1-0"]
[WhiteElo "1612"]
[BlackElo "1901"]
[PlyCount "61"]
[EventDate "2016.04.29"]
[EventType "swiss"]
[EventRounds "9"]
[EventCountry "NED"]
[SourceTitle "CBM 172 Extra"]
[Source "ChessBase"]
[SourceDate "2016.06.21"]
[SourceVersion "1"]
[SourceVersionDate "2016.06.21"]
[SourceQuality "1"]

1. e4 c5 2. Nf3 e6 3. d4 cxd4 4. Nxd4 Nf6 5. Nc3 Nc6 6. Ndb5 d6 7. Bf4 e5 8. Bg5 a6 9. Na3 b5 10. Bxf6 gxf6 11. Nd5 f5 12. Bd3 Be6 13. 0-0 Bg7 14. c4 Nd4 15. cxb5 Bxd5 16. exd5 e4 17. Be2 0-0 18. bxa6 f4 19. Nb5 Nxb5 20. Bxb5 Bxb2 21. Qg4+ Kh8 22. Rae1 Be5 23. Qf5 e3 24. fxe3 fxe3 25. Rf3 Qh4 26. g3 Qb4 27. Bd3 Qxe1+ 28. Rf1 Qxf1+ 29. Kxf1 Kg7 30. Qxh7+ Kf6 31. Qh4+ 1-0

[Event "NED-ch U10"]
[Site "Borne"]
[Date "2013.08.07"]
[Round "7"]
[White "Hilwerda, Jonas"]
[Black "Honkoop, Gilian"]
[Result "1-0"]
[WhiteElo "1573"]
[BlackElo "1305"]
[PlyCount "41"]
[EventDate "2013.04.??"]
[EventType "swiss"]
[EventRounds "12"]
[EventCountry "NED"]
[SourceTitle "EXT 2015"]
[Source "ChessBase"]
[SourceDate "2014.11.20"]
[SourceVersion "1"]
[SourceVersionDate "2014.11.20"]
[SourceQuality "1"]

1. e4 e5 2. Nf3 Nf6 3. Nxe5 Qe7 4. Nf3 Qxe4+ 5. Be2 Bc5 6. Nc3 Qe7 7. h3 0-0 8. d4 Bb4 9. 0-0 d5 10. Bg5 Be6 11. Bd3 Nbd7 12. Re1 Qd8 13. Ne5 Qc8 14. a3 Ba5 15. Nxd7 Nxd7 16. Qh5 h6 17. Bxh6 g6 18. Bxg6 Nf6 19. Qg5 Qd8 20. Bh7+ Kxh7 21. Qg7# 1-0